000 00944pam a2200265 i 4500
999 _c5856
_d5856
001 5856
003 BD-JhCC
005 20171231135730.0
008 800722s1980 utua b 100 0 eng
020 _a0842518363
_c$14.95
035 _a(BD-JhCC) 5856
040 _aDLC
_cDLC
_dDLC
_dBD-JhCC
041 _aeng
050 0 0 _aL106 1979
_b.T44
082 0 0 _a370
_219
_bCOO1980
245 0 0 _aCooperation in education :
_bbased on the proceedings of the First International Conference on Cooperation in Education, Tel Aviv, Israel, July 1979 /
_cedited by Shlomo Sharan ... [et al.].
260 _aProvo, Utah :
_bBrigham Young University Press,
_cc1980.
300 _avi, 407 p. :
_bill. ;
_c23 cm.
504 _aIncludes bibliographies.
650 0 _aEducation
_xCongresses.
700 1 _aSharan, Shlomo,
_d1932-
711 2 _aInternational Conference on Cooperation in Education,
_b1st,
_cTel-Aviv,
_d1979.
942 _2ddc
_cBK